Estatísticas para Os 15 principais países afetados pela Covid-19 - 11 de julho

Clique aqui para jogar o quiz

Estatísticas Gerais

  • Esse quiz foi jogado 5 vezes
  • A pontuação média é 11 de 25

Estatísticas das Respostas

país% Correto
Brasil
100%
Estados Unidos
100%
Índia
75%
Itália
75%
México
75%
Reino Unido
75%
Rússia
75%
África do Sul
50%
Chile
50%
Chile
50%
Espanha
50%
Irão
50%
Peru
50%
Suécia
50%
Turquia
50%
Arábia Saudita
25%
Catar
25%
Kuweit
25%
Paquistão
25%
Armênia
0%
Bahrein
0%
Bielorrússia
0%
Omã
0%
Panamá
0%
Singapura
0%

Distribuição das Pontuações

Percentil de Números Respondidos

Porcentagem de Pessoas com Cada Pontuação

Sua Pontuação Histórica

Você não jogou esse quiz